[Event "Turkey Cup 2019"]
[Site "Belek"]
[Date "2019.01.30"]
[Round "6.50"]
[White "Oztekin, Kerem Can"]
[Black "Ocakacan, Deniz"]
[Result "1-0"]
[WhiteElo "1940"]
[BlackElo "1679"]
[Annotator "NA"]
[PlyCount "107"]
[EventDate "2019.01.27"]
[EventType "swiss"]
[EventCountry "TUR"]
[SourceTitle "playchess.com"]
[Source "ChessBase"]
[SourceQuality "1"]

1. e4 c5 2. Nf3 e6 3. d4 cxd4 4. Nxd4 Nc6 5. Nb3 Nf6 6. Bd3 d5 7. exd5 Nxd5 8. O-O Bd6 9. Qh5 Nf6 10. Qh4 a6 11. Nc3 Ne5 12. Rd1 Qc7 13. Bg5 Be7 14. Bf4 Bd6 15. Bg3 O-O 16. Be4 Nxe4 17. Nxe4 Ng6 18. Bxd6 Qxd6 19. Qxh7+ Kxh7 20. Rxd6 e5 21. Ng5+ Kh6 22. Nf3 f6 23. h3 Bf5 24. c3 Nf4 25. Nxe5 Rfe8 26. Nf3 Nd3 27. Nbd4 Bg6 28. b3 b5 29. a4 bxa4 30. Rxa4 Rec8 31. c4 Nc5 32. Ra3 Rab8 33. g4 Be4 34. Nd2 Ba8 35. f4 Re8 36. Kf2 Nd3+ 37. Kg3 Re3+ 38. Kh4 Kh7 39. Nf5 Re2 40. Rxd3 g5+ 41. fxg5 Kg6 42. Rxa6 Rh8+ 43. Kg3 Kxg5 44. h4+ Kg6 45. Nf3 Bxf3 46. Rxf3 Rd8 47. g5 Kh5 48. Ng7+ Kg6 49. gxf6 Kh6 50. Ne6 Rg8+ 51. Ng5 Kh5 52. f7 Rf8 53. Rf5 Rg8 54. Kh3 1-0

[Event "Turkey Cup 2019"]
[Site "Belek"]
[Date "2019.01.30"]
[Round "6.51"]
[White "Bek, Emir"]
[Black "Vursan, Emre Can"]
[Result "0-1"]
[WhiteElo "1844"]
[BlackElo "1678"]
[Annotator "NA"]
[PlyCount "80"]
[EventDate "2019.01.27"]
[EventType "swiss"]
[EventCountry "TUR"]
[SourceTitle "playchess.com"]
[Source "ChessBase"]
[SourceQuality "1"]

1. d4 d5 2. c4 e5 3. e3 Nc6 4. dxe5 d4 5. f4 Bb4+ 6. Bd2 dxe3 7. Bxb4 Qxd1+ 8. Kxd1 Nxb4 9. a3 Bg4+ 10. Kc1 O-O-O 11. Nc3 Nd3+ 12. Bxd3 Rxd3 13. h3 Be6 14. Nf3 Ne7 15. Kc2 Rhd8 16. Rad1 Bxc4 17. b3 Ba6 18. Rxd3 Bxd3+ 19. Kc1 Nd5 20. Nxd5 Rxd5 21. Re1 Rc5+ 22. Kd1 Bc2+ 23. Ke2 Rc3 24. Ng5 Bxb3 25. Nxh7 Bc4+ 26. Kf3 Bd5+ 27. Ke2 Bxg2 28. Ng5 f6 29. exf6 gxf6 30. Nh7 Bxh3 31. Nxf6 Be6 32. a4 Bc4+ 33. Kf3 e2+ 34. Kf2 Kd8 35. Rg1 Ke7 36. Ne4 Ra3 37. f5 Bd5 38. Rg7+ Kf8 39. Rg4 e1=Q+ 40. Kxe1 Re3+ 0-1

[Event "Turkey Cup 2019"]
[Site "Belek"]
[Date "2019.01.30"]
[Round "6.52"]
[White "Kiray, Tuncer Efe"]
[Black "Kilic, Cihan"]
[Result "0-1"]
[WhiteElo "1556"]
[BlackElo "1886"]
[Annotator "NA"]
[PlyCount "70"]
[EventDate "2019.01.27"]
[EventType "swiss"]
[EventCountry "TUR"]
[SourceTitle "playchess.com"]
[Source "ChessBase"]
[SourceQuality "1"]

1. e4 c6 2. Nc3 d5 3. Nf3 Bg4 4. h3 Bxf3 5. Qxf3 e6 6. d4 Nd7 7. Bd3 dxe4 8. Nxe4 Ngf6 9. Bg5 Qa5+ 10. Bd2 Qb6 11. Nxf6+ Nxf6 12. c3 Be7 13. b3 O-O 14. O-O Rfd8 15. Be3 c5 16. Qg3 Qa5 17. Bf4 Nh5 18. Bc7 Nxg3 19. Bxa5 Nxf1 20. Bxd8 Rxd8 21. Kxf1 cxd4 22. cxd4 Rxd4 23. Ke2 b6 24. Rc1 Bc5 25. Rc4 Rd8 26. b4 Bd6 27. a4 g6 28. b5 Kg7 29. Be4 f5 30. Bc6 Kf6 31. Ke3 Bc5+ 32. Ke2 e5 33. a5 Ke6 34. a6 Kd6 35. Rh4 Rh8 0-1

[Event "Turkey Cup 2019"]
[Site "Belek"]
[Date "2019.01.30"]
[Round "6.64"]
[White "Tahaoglu, Erkin"]
[Black "Atas, Yunus"]
[Result "1-0"]
[WhiteElo "1714"]
[BlackElo "1872"]
[Annotator "NA"]
[PlyCount "43"]
[EventDate "2019.01.27"]
[EventType "swiss"]
[EventCountry "TUR"]
[SourceTitle "playchess.com"]
[Source "ChessBase"]
[SourceQuality "1"]

1. d4 g6 2. e4 Bg7 3. Nc3 d6 4. Be3 a6 5. a4 b6 6. Bc4 Bb7 7. Nge2 Nf6 8. f3 O-O 9. Qd2 Nbd7 10. Bh6 c5 11. h4 cxd4 12. Nxd4 Ne5 13. Bb3 d5 14. Bxg7 Kxg7 15. exd5 b5 16. h5 gxh5 17. Nf5+ Kh8 18. Ne4 Nxe4 19. fxe4 e6 20. Qh6 exf5 21. Rxh5 Qa5+ 22. Kd1 1-0

[Event "Turkey Cup 2019"]
[Site "Belek"]
[Date "2019.01.30"]
[Round "6.66"]
[White "Hereklioglu, Sude"]
[Black "Yilmaz, Cumhur"]
[Result "1-0"]
[WhiteElo "1951"]
[BlackElo "1676"]
[Annotator "NA"]
[PlyCount "120"]
[EventDate "2019.01.27"]
[EventType "swiss"]
[EventCountry "TUR"]
[SourceTitle "playchess.com"]
[Source "ChessBase"]
[SourceQuality "1"]

1. d4 d5 2. Nf3 Nf6 3. g3 Bg4 4. Bg2 Bxf3 5. Bxf3 e6 6. c4 c6 7. Qb3 Qb6 8. c5 Qxb3 9. axb3 Nbd7 10. Nc3 e5 11. e3 g6 12. b4 Bg7 13. b5 exd4 14. exd4 O-O 15. Be3 Rfe8 16. O-O Ne4 17. bxc6 bxc6 18. Nxe4 dxe4 19. Be2 a5 20. Ra3 Reb8 21. b3 Rb4 22. Bc4 a4 23. Rfa1 Nxc5 24. dxc5 Bxa1 25. Rxa1 a3 26. Ra2 Rb7 27. g4 h5 28. g5 Kf8 29. Kg2 Ke7 30. Kg3 f5 31. gxf6+ Kxf6 32. Kf4 g5+ 33. Kxe4 Rd7 34. Bd4+ Kg6 35. Bc3 g4 36. f4 Rd1 37. f5+ Kg5 38. b4 h4 39. Be6 Rf1 40. b5 cxb5 41. c6 Ra7 42. Bd4 Rc7 43. Kd5 Rd1 44. f6 Rxd4+ 45. Kxd4 Kxf6 46. Bd5 b4 47. Kc5 Ke7 48. Re2+ Kd8 49. Kxb4 g3 50. hxg3 hxg3 51. Kxa3 Rg7 52. Kb4 Kc7 53. Kc5 Rh7 54. Rb2 Rh5 55. Rb7+ Kc8 56. Rg7 g2 57. Kd6 Rh8 58. Be6+ Kb8 59. c7+ Ka8 60. Bd5+ Ka7 1-0

[Event "Turkey Cup 2019"]
[Site "Belek"]
[Date "2019.01.30"]
[Round "6.67"]
[White "Demirtas, Hafize"]
[Black "Gungor, Cihan Akif"]
[Result "0-1"]
[WhiteElo "1929"]
[BlackElo "1588"]
[Annotator "NA"]
[PlyCount "133"]
[EventDate "2019.01.27"]
[EventType "swiss"]
[EventCountry "TUR"]
[SourceTitle "playchess.com"]
[Source "ChessBase"]
[SourceQuality "1"]

1. e4 e5 2. Nf3 Nf6 3. Nc3 Nc6 4. Bb5 Bc5 5. O-O d6 6. h3 O-O 7. Re1 Bd7 8. Na4 Bb6 9. Nxb6 axb6 10. c3 Re8 11. d3 h6 12. Be3 Ne7 13. Bxd7 Qxd7 14. Qc2 Ng6 15. d4 exd4 16. Bxd4 Ne5 17. Nxe5 dxe5 18. Be3 Qb5 19. c4 Qc6 20. f3 b5 21. c5 Nd7 22. Rec1 Qe6 23. a3 c6 24. Rd1 Red8 25. Rd6 Qe7 26. Rad1 Nf8 27. R1d3 Ne6 28. Qd2 Kf8 29. Rd7 Qh4 30. Kh2 Rab8 31. g3 Qf6 32. f4 Ke8 33. R7d6 Rxd6 34. Rxd6 Rd8 35. f5 Nd4 36. Bxd4 Rxd6 37. cxd6 exd4 38. Qf4 d3 39. d7+ Kxd7 40. e5 Qd8 41. Kg1 Kc8 42. Qd2 Qd4+ 43. Kf1 Qxe5 44. Qxd3 Qxb2 45. Ke1 Qc1+ 46. Kf2 Qc5+ 47. Ke1 Qd5 48. Qc3 f6 49. Qb4 Qe5+ 50. Kd1 Qxg3 51. Qf8+ Kc7 52. Qe7+ Kb6 53. Qd8+ Qc7 54. Qd4+ c5 55. Qe4 Qd6+ 56. Kc1 Qe5 57. Qd3 Qd4 58. Qg3 Qd7 59. Qf4 Qe7 60. Qd2 c4 61. Qd4+ Ka6 62. Kc2 Qxa3 63. Kd1 Qd3+ 64. Qxd3 cxd3 65. Kd2 b4 66. Kxd3 Ka5 67. Ke4 0-1

[Event "Turkey Cup 2019"]
[Site "Belek"]
[Date "2019.01.30"]
[Round "6.70"]
[White "Akin, Bora Zubeyr"]
[Black "Cam, Vedat"]
[Result "*"]
[WhiteElo "1436"]
[BlackElo "1882"]
[Annotator "NA"]
[PlyCount "70"]
[EventDate "2019.01.27"]
[EventType "swiss"]
[EventCountry "TUR"]
[SourceTitle "playchess.com"]
[Source "ChessBase"]
[SourceQuality "1"]

1. e4 c6 2. d4 g6 3. c4 Bg7 4. Nc3 d6 5. f4 Qc7 6. Nf3 Bg4 7. e5 Nd7 8. h3 Bxf3 9. Qxf3 O-O-O 10. Bd3 dxe5 11. d5 f5 12. Qf2 e4 13. Be2 Qb6 14. Qxb6 axb6 15. Be3 Kc7 16. g4 Ngf6 17. Kf2 Ra8 18. Bd4 Nxg4+ 19. hxg4 Bxd4+ 20. Kg2 Be3 21. Kg3 Raf8 22. g5 h5 23. Rh4 Bd4 24. Rd1 Bxc3 25. bxc3 Ra8 26. Rd2 Ra3 27. Rc2 Rha8 28. Kf2 Rxa2 29. Rxa2 Rxa2 30. Ke3 Kd6 31. Rh1 Rc2 32. Rb1 Rxc3+ 33. Kd2 Rg3 34. dxc6 bxc6 35. Rh1 e5 *

[Event "Turkey Cup 2019"]
[Site "Belek"]
[Date "2019.01.30"]
[Round "6.73"]
[White "Demir, Hilmi Mustafa"]
[Black "Acar, Kaan"]
[Result "1/2-1/2"]
[WhiteElo "1809"]
[BlackElo "1548"]
[Annotator "NA"]
[PlyCount "39"]
[EventDate "2019.01.27"]
[EventType "swiss"]
[EventCountry "TUR"]
[SourceTitle "playchess.com"]
[Source "ChessBase"]
[SourceQuality "1"]

1. e4 c5 2. Nc3 g6 3. f4 Bg7 4. Nf3 Nc6 5. Be2 d6 6. O-O Nf6 7. Qe1 O-O 8. d3 Nd4 9. Bd1 Nd7 10. Qh4 e6 11. Qg3 f5 12. Kh1 Nf6 13. e5 Nh5 14. Qf2 Nxf3 15. Bxf3 dxe5 16. fxe5 Bxe5 17. Bxh5 gxh5 18. Qe2 Bg7 19. Qxh5 Kh8 20. Rf3 1/2-1/2

[Event "Turkey Cup 2019"]
[Site "Belek"]
[Date "2019.01.30"]
[Round "6.74"]
[White "Yildiz, Eyup Ensar"]
[Black "Lale, Omer Faruk"]
[Result "0-1"]
[WhiteElo "1612"]
[BlackElo "1829"]
[Annotator "NA"]
[PlyCount "88"]
[EventDate "2019.01.27"]
[EventType "swiss"]
[EventCountry "TUR"]
[SourceTitle "playchess.com"]
[Source "ChessBase"]
[SourceQuality "1"]

1. e4 c6 2. Nf3 d5 3. d4 dxe4 4. Ne5 Nd7 5. Nxd7 Bxd7 6. Nc3 Bf5 7. Bc4 e6 8. a3 Nf6 9. Bg5 Be7 10. O-O h6 11. Bh4 Ng4 12. Bg3 h5 13. h3 h4 14. hxg4 hxg3 15. gxf5 Bc5 16. Qg4 gxf2+ 17. Kxf2 Qxd4+ 18. Ke1 O-O-O 19. Rd1 Qxc4 20. Rxd8+ Rxd8 21. fxe6 fxe6 22. Qxe4 Bd4 23. Nd1 Qd5 24. Qxd5 cxd5 25. Rf7 Rd7 26. Rf8+ Kc7 27. Re8 Kd6 28. c3 Bb6 29. Rg8 e5 30. Ke2 e4 31. Ne3 d4 32. Nf5+ Ke5 33. Nxg7 d3+ 34. Kd1 e3 35. Re8+ Kf6 36. Nh5+ Kf7 37. Re4 Kg6 38. g4 Kg5 39. Ng3 Rh7 40. c4 Rh3 41. Re5+ Kxg4 42. Nf1 Rh1 43. Ke1 d2+ 44. Ke2 Rxf1 0-1

[Event "Turkey Cup 2019"]
[Site "Belek"]
[Date "2019.01.30"]
[Round "6.75"]
[White "Usluoglu, Servet"]
[Black "Yavic, Adnan"]
[Result "0-1"]
[WhiteElo "1783"]
[BlackElo "1653"]
[Annotator "NA"]
[PlyCount "84"]
[EventDate "2019.01.27"]
[EventType "swiss"]
[EventCountry "TUR"]
[SourceTitle "playchess.com"]
[Source "ChessBase"]
[SourceQuality "1"]

1. e4 e6 2. d4 d5 3. Nc3 Bb4 4. e5 c5 5. a3 Bxc3+ 6. bxc3 Qc7 7. Nf3 Ne7 8. Be2 O-O 9. O-O Nbc6 10. Be3 Bd7 11. Bd3 f6 12. exf6 gxf6 13. Nh4 f5 14. Bh6 Rf7 15. Be2 Ng6 16. Nxg6 hxg6 17. f4 Rh7 18. Bg5 Kf7 19. dxc5 Qa5 20. Rf3 Qxc5+ 21. Kh1 Rah8 22. h3 a6 23. c4 Na5 24. cxd5 Qxd5 25. Qf1 Bc6 26. Kh2 Qc5 27. Rd1 b5 28. Qe1 Nc4 29. Qc3 e5 30. Bxc4+ bxc4 31. fxe5 Re8 32. Re3 Re6 33. Rd4 Rxe5 34. Rd7+ Bxd7 35. Rxe5 Qd6 36. Bf4 Qc6 37. Qd4 Rh4 38. g3 Rh7 39. Bg5 Rxh3+ 40. Kg1 Qh1+ 41. Kf2 Rh2+ 42. Ke3 Qg1+ 0-1

[Event "Turkey Cup 2019"]
[Site "Belek"]
[Date "2019.01.30"]
[Round "6.76"]
[White "Ersoy, Emre"]
[Black "Temel, Burcu Melis"]
[Result "0-1"]
[WhiteElo "1591"]
[BlackElo "1796"]
[Annotator "NA"]
[PlyCount "76"]
[EventDate "2019.01.27"]
[EventType "swiss"]
[EventCountry "TUR"]
[SourceTitle "playchess.com"]
[Source "ChessBase"]
[SourceQuality "1"]

1. e4 c5 2. Nf3 Nc6 3. d4 cxd4 4. Nxd4 e6 5. Nc3 Qc7 6. Be3 a6 7. Bd3 Nf6 8. O-O b5 9. a3 Bb7 10. Kh1 Ne5 11. f4 Nc4 12. Bxc4 bxc4 13. e5 Nd5 14. Nxd5 Bxd5 15. Qg4 h5 16. Qg5 h4 17. h3 Rh6 18. Nf3 Be4 19. c3 Rb8 20. Rf2 f6 21. exf6 gxf6 22. Qg8 Bh7 23. Qg4 Bf5 24. Qg8 Rg6 25. Qh8 Kf7 26. Qxh4 Bg7 27. Rd2 Rh8 28. Qe1 Be4 29. Qd1 d5 30. Nh2 Rxh3 31. Kg1 Rxe3 32. Qh5 Ke7 33. Ng4 Rg3 34. Nh2 Rxg2+ 35. Rxg2 Rxg2+ 36. Kf1 Qxf4+ 37. Ke1 Qd2+ 38. Kf1 Qf2# 0-1

[Event "Turkey Cup 2019"]
[Site "Belek"]
[Date "2019.01.30"]
[Round "6.77"]
[White "Atay, Sergen"]
[Black "Erdal, Kerem"]
[Result "1/2-1/2"]
[WhiteElo "1769"]
[BlackElo "1509"]
[Annotator "NA"]
[PlyCount "84"]
[EventDate "2019.01.27"]
[EventType "swiss"]
[EventCountry "TUR"]
[SourceTitle "playchess.com"]
[Source "ChessBase"]
[SourceQuality "1"]

1. c4 c6 2. Nc3 d5 3. cxd5 cxd5 4. d4 Nf6 5. Nf3 Nc6 6. Bf4 e6 7. e3 Bb4 8. Bd3 O-O 9. O-O a6 10. h3 h6 11. Ne5 Nxe5 12. dxe5 Bxc3 13. bxc3 Nd7 14. Qg4 f5 15. exf6 Qxf6 16. Bd6 Ne5 17. Bxe5 Qxe5 18. Qd4 Qxd4 19. cxd4 Bd7 20. Rfc1 Rac8 21. Kf1 Kf7 22. a4 Rc6 23. Rxc6 Bxc6 24. Rb1 Rc8 25. a5 Rc7 26. Rb6 Kf6 27. f4 g5 28. g4 Rc8 29. Kf2 Rc7 30. Kg3 Rc8 31. h4 Rc7 32. h5 Rc8 33. fxg5+ Kxg5 34. Rb1 Rf8 35. Rc1 e5 36. dxe5 d4 37. e4 Rf4 38. e6 Rxg4+ 39. Kf3 Rf4+ 40. Kg3 Rg4+ 41. Kf3 Rf4+ 42. Kg3 Rg4+ 1/2-1/2

[Event "Turkey Cup 2019"]
[Site "Belek"]
[Date "2019.01.30"]
[Round "6.78"]
[White "Uysal, Ilyas"]
[Black "Dinler, Oral"]
[Result "1-0"]
[WhiteElo "1718"]
[BlackElo "1688"]
[Annotator "NA"]
[PlyCount "105"]
[EventDate "2019.01.27"]
[EventType "swiss"]
[EventCountry "TUR"]
[SourceTitle "playchess.com"]
[Source "ChessBase"]
[SourceQuality "1"]

1. c4 f5 2. Nc3 e6 3. d4 Nf6 4. g3 Be7 5. Bg2 c6 6. e4 d5 7. cxd5 cxd5 8. exd5 Nxd5 9. Nxd5 exd5 10. Qb3 Nc6 11. Bxd5 Nxd4 12. Qa4+ Nc6 13. Bb3 Bb4+ 14. Kf1 Qd3+ 15. Kg2 b5 16. Bc4 Qxc4 17. Qd1 O-O 18. b3 Qd4 19. Qc2 Qe4+ 20. Qxe4 fxe4 21. Be3 Bg4 22. h3 Bf3+ 23. Nxf3 exf3+ 24. Kh2 Rac8 25. Rac1 a6 26. Rhd1 Ne5 27. Bd4 Rxc1 28. Rxc1 Re8 29. Rc7 Bd6 30. Ra7 Nf7 31. Rxa6 h6 32. a4 bxa4 33. bxa4 Be5 34. Be3 Bc3 35. Rc6 Ba5 36. Ra6 Be1 37. g4 Re4 38. Ra8+ Kh7 39. a5 Nd6 40. a6 Re8 41. Rxe8 Nxe8 42. Bb6 Nc7 43. Bxc7 Bxf2 44. Bb8 h5 45. gxh5 Kh6 46. a7 Bxa7 47. Bxa7 Kxh5 48. Kg3 g5 49. Bf2 Kg6 50. Kxf3 Kf5 51. Kg3 Kg6 52. Kg4 Kh6 53. Be3 1-0

[Event "Turkey Cup 2019"]
[Site "Belek"]
[Date "2019.01.30"]
[Round "6.79"]
[White "Eroglu, Berke"]
[Black "Ertekin, Ramazan"]
[Result "0-1"]
[WhiteElo "1442"]
[BlackElo "1738"]
[Annotator "NA"]
[PlyCount "98"]
[EventDate "2019.01.27"]
[EventType "swiss"]
[EventCountry "TUR"]
[SourceTitle "playchess.com"]
[Source "ChessBase"]
[SourceQuality "1"]

1. e4 c6 2. d4 d5 3. exd5 cxd5 4. Bd3 Nf6 5. Bf4 Nc6 6. c3 Bg4 7. Qb3 Qd7 8. Nd2 e6 9. Ngf3 Bd6 10. Bxd6 Qxd6 11. Qxb7 Rb8 12. Qa6 O-O 13. Rb1 Rb6 14. Qa4 e5 15. Be2 Bf5 16. Rc1 Rxb2 17. dxe5 Nxe5 18. Qxa7 Nxf3+ 19. Bxf3 Re8+ 20. Kd1 Ne4 21. Bxe4 dxe4 22. Qe3 Rd8 23. Rc2 Rxc2 24. Kxc2 Qxd2+ 25. Qxd2 e3+ 26. Kb3 exd2 27. Rd1 Bd3 28. Rxd2 Bc4+ 29. Kc2 Rxd2+ 30. Kxd2 Bxa2 31. Kd3 Be6 32. Kd4 Kf8 33. g3 Ke7 34. f3 h5 35. Ke5 f6+ 36. Kd4 Kd6 37. h4 g6 38. c4 Kc6 39. c5 Kc7 40. Ke4 Kc6 41. Kd4 Bd5 42. g4 Bxf3 43. gxh5 Bxh5 44. Kc4 f5 45. Kd4 f4 46. Kd3 Kxc5 47. Ke4 f3 48. Ke3 Kd5 49. Kf2 Ke4 0-1

[Event "Turkey Cup 2019"]
[Site "Belek"]
[Date "2019.01.30"]
[Round "6.80"]
[White "Aslanhan, Halis"]
[Black "Ozsayin, Elif"]
[Result "1-0"]
[WhiteElo "1779"]
[BlackElo "1613"]
[Annotator "NA"]
[PlyCount "43"]
[EventDate "2019.01.27"]
[EventType "swiss"]
[EventCountry "TUR"]
[SourceTitle "playchess.com"]
[Source "ChessBase"]
[SourceQuality "1"]

1. e4 e5 2. Nf3 d6 3. d4 Nd7 4. Nc3 Ngf6 5. Bc4 Be7 6. O-O O-O 7. h3 c6 8. a4 Qc7 9. Be3 exd4 10. Nxd4 Rd8 11. Bg5 Nc5 12. Qe2 a5 13. Rfe1 h6 14. Bf4 Nfd7 15. Qh5 Rf8 16. Bxh6 Ne5 17. Re3 Bf6 18. Ba2 gxh6 19. Qxh6 Bg7 20. Rg3 Ng6 21. Qxg6 Ne6 22. Qg4 1-0

[Event "Turkey Cup 2019"]
[Site "Belek"]
[Date "2019.01.30"]
[Round "6.81"]
[White "Kaya, Mehmet Roni"]
[Black "Elalmis, Husamettin"]
[Result "1/2-1/2"]
[WhiteElo "1632"]
[BlackElo "1754"]
[Annotator "NA"]
[PlyCount "90"]
[EventDate "2019.01.27"]
[EventType "swiss"]
[EventCountry "TUR"]
[SourceTitle "playchess.com"]
[Source "ChessBase"]
[SourceQuality "1"]

1. e4 c5 2. c4 Nc6 3. Nc3 g6 4. Nf3 Bg7 5. Be2 d6 6. d3 Nf6 7. h3 O-O 8. Rb1 e6 9. a3 d5 10. cxd5 exd5 11. e5 Ne8 12. Bf4 Nc7 13. O-O Re8 14. d4 cxd4 15. Nxd4 Nxd4 16. Qxd4 Ne6 17. Qd2 Nxf4 18. Qxf4 Rxe5 19. Rbd1 Be6 20. Bf3 Qa5 21. b4 Qd8 22. Qd2 Rg5 23. Nxd5 Bxh3 24. Nf4 Qxd2 25. Rxd2 Bf5 26. Bxb7 Rb8 27. Bf3 Be5 28. Nd5 Kf8 29. Rfd1 Be6 30. Ne3 Bf6 31. Bd5 Bxd5 32. Rxd5 Rb5 33. Rxg5 Bxg5 34. Rd5 Rxd5 35. Nxd5 Ke8 36. f4 Bd8 37. Kf2 Kd7 38. Ke3 Kc6 39. Kd4 h5 40. a4 a6 41. Kc4 f6 42. b5+ axb5+ 43. axb5+ Kd6 44. Kd4 g5 45. fxg5 fxg5 1/2-1/2

[Event "Turkey Cup 2019"]
[Site "Belek"]
[Date "2019.01.30"]
[Round "6.82"]
[White "Bulut, Muhammed"]
[Black "Deva, Atilla"]
[Result "1-0"]
[WhiteElo "1731"]
[BlackElo "1621"]
[Annotator "NA"]
[PlyCount "87"]
[EventDate "2019.01.27"]
[EventType "swiss"]
[EventCountry "TUR"]
[SourceTitle "playchess.com"]
[Source "ChessBase"]
[SourceQuality "1"]

1. e4 d6 2. Nc3 e5 3. Bc4 Nd7 4. Nge2 Ngf6 5. d3 c6 6. Bg5 Be7 7. O-O h6 8. Be3 Qc7 9. h3 g5 10. Ng3 Nf8 11. Nh5 Nxh5 12. Qxh5 Be6 13. Bb3 Bxb3 14. axb3 a6 15. Ne2 Ne6 16. Ng3 Ng7 17. Qf3 Qd7 18. Nh5 Nxh5 19. Qxh5 Qe6 20. Ra5 Qg6 21. Qxg6 fxg6 22. d4 Bd8 23. Ra4 exd4 24. Bxd4 O-O 25. Rd1 Bc7 26. Bc3 Rae8 27. f3 Re6 28. Kh1 Rf7 29. Rb4 Ba5 30. Rbd4 Bxc3 31. bxc3 Rd7 32. c4 Kf7 33. c5 Ke7 34. Kg1 d5 35. exd5 cxd5 36. Rxd5 Rxd5 37. Rxd5 Re2 38. Rd6 Rxc2 39. b4 Rc4 40. Rb6 a5 41. Rxb7+ Kf8 42. bxa5 Rxc5 43. a6 Ra5 44. a7 1-0

[Event "Turkey Cup 2019"]
[Site "Belek"]
[Date "2019.01.30"]
[Round "6.83"]
[White "Dinc, Melih"]
[Black "Yildirim, Kemal"]
[Result "1-0"]
[WhiteElo "1729"]
[BlackElo "1669"]
[Annotator "NA"]
[PlyCount "51"]
[EventDate "2019.01.27"]
[EventType "swiss"]
[EventCountry "TUR"]
[SourceTitle "playchess.com"]
[Source "ChessBase"]
[SourceQuality "1"]

1. e4 e6 2. d4 d5 3. exd5 exd5 4. c4 Nf6 5. Nf3 Bb4+ 6. Nc3 O-O 7. Be2 h6 8. O-O dxc4 9. Bxc4 c5 10. a3 Bxc3 11. bxc3 cxd4 12. cxd4 Qc7 13. Ba2 Bf5 14. Ne5 Be4 15. Bf4 Qd8 16. Re1 Bd5 17. Bb1 Nc6 18. Qd3 Be4 19. Rxe4 Nxe4 20. Qxe4 f5 21. Nxc6 bxc6 22. Qd3 Qa5 23. Ba2+ Kh8 24. Be5 Rad8 25. Qg3 Rd7 26. Qg6 1-0

[Event "Turkey Cup 2019"]
[Site "Belek"]
[Date "2019.01.30"]
[Round "6.84"]
[White "Cakmak, Sarven"]
[Black "Erol, Harun Eser"]
[Result "1-0"]
[WhiteElo "1780"]
[BlackElo "1464"]
[Annotator "NA"]
[PlyCount "83"]
[EventDate "2019.01.27"]
[EventType "swiss"]
[EventCountry "TUR"]
[SourceTitle "playchess.com"]
[Source "ChessBase"]
[SourceQuality "1"]

1. c4 c5 2. Nc3 d6 3. Nf3 Nc6 4. d4 cxd4 5. Nxd4 g6 6. e4 Bg7 7. Be3 Nf6 8. f3 O-O 9. Be2 a6 10. O-O Bd7 11. Qd2 Rb8 12. Rfd1 Qc7 13. Rac1 Rfc8 14. Nd5 Qd8 15. b4 Nxd5 16. exd5 Ne5 17. c5 dxc5 18. bxc5 Ba4 19. Nb3 Qe8 20. Qa5 Bb5 21. Nd4 Bxe2 22. Nxe2 e6 23. d6 Nc6 24. Qd2 Qd7 25. Nc3 Bxc3 26. Qxc3 Re8 27. Bh6 e5 28. Re1 f6 29. f4 Qf5 30. fxe5 Nxe5 31. Rf1 Qh5 32. Bf4 Nd7 33. c6 bxc6 34. Qxc6 Rbd8 35. Qxa6 Ne5 36. Rcd1 Nf7 37. Qc4 Kf8 38. d7 Re2 39. Bc7 Ra8 40. d8=Q+ Nxd8 41. Rxd8+ Rxd8 42. Bxd8 1-0

[Event "Turkey Cup 2019"]
[Site "Belek"]
[Date "2019.01.30"]
[Round "6.85"]
[White "Atik, Muhammed Ihsan"]
[Black "Ekinci, Berkay"]
[Result "0-1"]
[WhiteElo "1464"]
[BlackElo "1688"]
[Annotator "NA"]
[PlyCount "80"]
[EventDate "2019.01.27"]
[EventType "swiss"]
[EventCountry "TUR"]
[SourceTitle "playchess.com"]
[Source "ChessBase"]
[SourceQuality "1"]

1. d4 Nf6 2. Nf3 e6 3. g3 c5 4. c3 Nc6 5. Bg2 d5 6. O-O Be7 7. Bf4 O-O 8. Nbd2 b6 9. dxc5 bxc5 10. Re1 Nh5 11. e3 f6 12. g4 Nxf4 13. exf4 Qc7 14. f5 e5 15. Nh4 Rd8 16. Qb3 Kh8 17. c4 Rb8 18. Ng6+ Kg8 19. Qa4 hxg6 20. Bxd5+ Rxd5 21. cxd5 Nd4 22. Qe8+ Bf8 23. Qxg6 Bd7 24. Ne4 Qd8 25. Qh5 Nf3+ 26. Kg2 Nxe1+ 27. Rxe1 Be8 28. Qh4 Qxd5 29. Kg1 Bc6 30. g5 fxg5 31. Qh5 Rb4 32. f3 Qd4+ 33. Kh1 Bxe4 34. fxe4 Qf2 35. Rg1 Rxe4 36. f6 Qxf6 37. Rxg5 Re1+ 38. Rg1 Rxg1+ 39. Kxg1 Qf4 40. Qg6 Qc1+ 0-1

[Event "Turkey Cup 2019"]
[Site "Belek"]
[Date "2019.01.30"]
[Round "6.86"]
[White "Atas, Remzi"]
[Black "Kavukcu, Mustafa"]
[Result "1/2-1/2"]
[WhiteElo "1477"]
[BlackElo "1729"]
[Annotator "NA"]
[PlyCount "138"]
[EventDate "2019.01.27"]
[EventType "swiss"]
[EventCountry "TUR"]
[SourceTitle "playchess.com"]
[Source "ChessBase"]
[SourceQuality "1"]

1. Nf3 d5 2. g3 Nf6 3. Bg2 c6 4. d3 Nbd7 5. O-O e5 6. e4 dxe4 7. dxe4 Bc5 8. Qe2 O-O 9. Be3 Qc7 10. Nc3 b6 11. Rfd1 Bxe3 12. Qxe3 Nc5 13. b4 Ne6 14. h3 Bb7 15. Rd2 a5 16. b5 Rad8 17. Rad1 Rxd2 18. Rxd2 Nc5 19. Nh4 h6 20. Nf5 Rd8 21. f3 Ne6 22. a4 Rxd2 23. Qxd2 cxb5 24. Nxb5 Qc5+ 25. Kh2 Bc6 26. Bf1 Ng5 27. Qe2 Bxb5 28. axb5 Qc3 29. Kg2 a4 30. Qd3 Qxd3 31. Bxd3 a3 32. Bc4 Nd7 33. Ne3 Ne6 34. c3 Nc7 35. Nc2 a2 36. Kf2 Nc5 37. Ke2 Na4 38. Kd2 Nb2 39. Be2 Ne6 40. Na1 Kf8 41. Kc2 Na4 42. Bc4 Ng5 43. Be2 Nxh3 44. Kb3 Nc5+ 45. Kxa2 h5 46. Nb3 Nxb3 47. Kxb3 Ng1 48. Bd1 g5 49. c4 Ke7 50. c5 bxc5 51. Ka4 h4 52. Ka5 Kd7 53. Ka6 h3 54. b6 h2 55. b7 h1=Q 56. b8=Q Qh6+ 57. Ka5 Qd6 58. Ba4+ Ke6 59. Qc8+ Kf6 60. Qh8+ Ke7 61. Qe8+ Kf6 62. Qh8+ Ke7 63. Qe8+ Kf6 64. Qc8 Qd2+ 65. Ka6 Qd6+ 66. Bc6 Ke7 67. Qe8+ Kf6 68. Qh8+ Ke7 69. Qe8+ Kf6 1/2-1/2

[Event "Turkey Cup 2019"]
[Site "Belek"]
[Date "2019.01.30"]
[Round "6.87"]
[White "Sarioglu, Burak"]
[Black "Arslanargun, Zana"]
[Result "0-1"]
[WhiteElo "1295"]
[BlackElo "1773"]
[Annotator "NA"]
[PlyCount "106"]
[EventDate "2019.01.27"]
[EventType "swiss"]
[EventCountry "TUR"]
[SourceTitle "playchess.com"]
[Source "ChessBase"]
[SourceQuality "1"]

1. d4 c5 2. c4 Nf6 3. Nf3 e6 4. Nc3 b6 5. Bf4 d6 6. dxc5 bxc5 7. e4 e5 8. Bg5 Nc6 9. Be2 Nd4 10. O-O Be7 11. Bxf6 Bxf6 12. Nd5 O-O 13. Nxd4 exd4 14. Bg4 Bb7 15. f4 Bxd5 16. exd5 Re8 17. Rf3 a5 18. Rh3 Re3 19. Qd2 Qe7 20. Rf1 Rxh3 21. gxh3 Qe3+ 22. Qxe3 dxe3 23. b3 Bd4 24. Re1 a4 25. Bf5 axb3 26. axb3 Ra2 27. Bd3 g6 28. Kf1 Rxh2 29. Re2 Rf2+ 30. Rxf2 exf2 31. Kg2 Kg7 32. Kf3 f5 33. h4 Kf6 34. Kg3 h6 35. Kf3 g5 36. hxg5+ hxg5 37. fxg5+ Kxg5 38. Kg3 f4+ 39. Kf3 Be3 40. Bf1 Kf5 41. Ke2 Ke4 42. Kd1 Kf3 43. Kc2 Kg3 44. Kd3 Kh2 45. Ke2 Kg1 46. Bh3 Bd4 47. Kf3 Be5 48. Ke2 f3+ 49. Kxf3 f1=Q+ 50. Bxf1 Kxf1 51. Ke4 Ke2 52. b4 cxb4 53. c5 b3 0-1